Quiz su Hong Kong - Statistics

Statistiche generali
  • Questo quiz è stato fatto 16 volte
  • Il punteggio medio è 13 su 25
Statistiche sulle risposte
Definizione Risposta % Corretto
Hong Kong è una regione amministrativa speciale di questo Stato Cina
100%
Inglese
93%
Hong Kong è un ex-colonia di questo Paese Regno Unito
93%
È nella top 5 delle aree più __________ _______ al mondo Densamente popolate
86%
Mandarino
86%
Durante la guerra del Pacifico fu brevemente occupata da questo Stato Giappone
79%
Si affaccia su questo mare Mar Cinese Meridionale
71%
A livello religioso, la maggior parte della popolazione è _____ Atea
64%
Le 3 religioni principali Buddismo
64%
Hong Kong ha il più alto numero di __________ al mondo, 1294 Grattacieli
64%
Lingue Ufficiali Cantonese
57%
Hong Kong ha la più alta disuguaglianza __________ del mondo Economica
57%
Settore più sviluppato Terziario
57%
Hong Kong ha uno dei ______ pro capite più alti al mondo Redditi
50%
Taoismo
43%
Ha ospitato delle gare equestri alle Olimpiadi di quell'anno 2008
36%
Confucianesimo
36%
Moneta Dollaro di Hong Kong
36%
Settore che sta vivendo un periodo di forte crescita Turismo
36%
Come molte micronazioni, è un __________ _________ Paradiso fiscale
29%
Ha la più alta percentuale di cittadini che utilizzano i _______ _______, circa il 90% Mezzi pubblici
21%
Suddivisione di primo livello di Hong Kong (ce ne sono 18) Distretti
14%
È la città con il maggior numero di ________ al mondo Consolati
7%
Hong Kong ha uno dei più bassi tassi di _________ al mondo Fecondità
7%
Hong Kong è la città più ________ del mondo Verticale
7%
Nessun quiz corrispondente trovato
Distribuzione punteggi
Percentuale di utenti per punteggio
Percentile per numero di risposta
I tuoi punteggi nel tempo
Non hai fatto questo quiz